Libros de la Biblia más extenso al más corto - Estadísticas

Estadísticas generales
  • Esta prueba ha sido intentada 103 veces
  • La puntuación promedio es 37 de 66
Estadísticas de respuestas
P. # de Cap. Respuesta % Correcto
4 50 Génesis
98%
7 40 Éxodo
89%
22 22 Apocalipsis
88%
1 150 Salmos
87%
24 21 Juan
85%
10 34 Deuteronomio
79%
16 27 Levítico
79%
14 28 Mateo
79%
8 36 Números
79%
25 16 Marcos
74%
20 24 Lucas
73%
26 16 Romanos
68%
2 66 Isaías
67%
3 52 Jeremías
64%
66 1 Judas
64%
48 4 Rut
64%
12 31 Proverbios
63%
18 24 Josué
62%
6 42 Job
61%
23 21 Jueces
61%
65 1 3 Juan
60%
34 12 Daniel
60%
35 10 Ester
60%
11 31 1 Samuel
58%
64 1 2 Juan
58%
19 24 2 Samuel
57%
47 5 1 Juan
56%
21 22 1 Reyes
56%
17 25 2 Reyes
56%
5 48 Ezequiel
56%
46 5 1 Pedro
55%
31 13 2 Corintios
55%
27 16 1 Corintios
54%
60 3 2 Pedro
54%
49 4 Jonás
54%
45 5 Santiago
54%
59 3 Tito
54%
51 4 Filipenses
52%
28 14 Oseas
52%
50 4 Malaquías
51%
40 6 Gálatas
50%
41 6 Efesios
49%
32 13 Hebreos
48%
33 12 Eclesiastés
46%
44 5 1 Tesalonicenses
45%
58 3 2 Tesalonicenses
45%
42 6 1 Timoteo
44%
53 4 2 Timoteo
44%
15 28 Hechos de los Apóstoles
44%
13 29 1 Crónicas
43%
9 36 2 Crónicas
43%
52 4 Colosenses
43%
63 1 Filemón
43%
43 5 Lamentaciones
43%
30 13 Nehemías
43%
29 14 Zacarías
43%
37 9 Amós
40%
36 10 Esdras
40%
56 3 Habacuc
40%
54 3 Joel
40%
62 1 Abdías
39%
39 7 Miqueas
39%
55 3 Nahum
37%
57 3 Sofonías
35%
38 8 Cantares
32%
61 2 Hageo
30%
No se encontraron pruebas coincidentes
Distribución de puntuación
Porcentaje de gente con cada puntuación
Porcentaje por número respondido
Historial de tus puntuaciones
No has intentado esta prueba.